00592 2200229 4500001002100000005001700021008004100038020001800079035002400097082000800121090001500129100002400144245003900168250001100207260004200218300001900260500002800279650002200307850001200329985000600341999001500347YOGYA-0209000005187720090227032835.0 ind  a979-655-168-3 0010-020900000051877 a813 a813bCla R aCLARK, Mary Higgins aRumah Kenangancmary Higgins Clark aCet. 3 aJakartabGramedia Pustaka Utamac2002 a432 hlmc19 cm aJudul asli: Remember Mc aFiksi - Indonesia aYOPDYOG a1 a03P0000435